Statistics for NCR Philippines Cities

Click here to take the quiz!

General Stats

  • This quiz has been taken 525 times
  • The average score is 12 of 17

Answer Stats

HintAnswer% Correct
Quezon City
95%
Makati City
88%
Pasay City
84%
Manila City
84%
Pasig City
81%
Taguig City
74%
Paranaque City
73%
Valenzuela City
73%
Marikina City
72%
Caloocan City
72%
Mandaluyong City
70%
Malabon City
69%
Navotas City
61%
Muntinlupa City
61%
Las Pinas City
60%
Pateros
59%
San Juan City
58%

Score Distribution

Percentile by Number Answered

Percent of People with Each Score

Your Score History

You have not taken this quiz